| 000 | 01499nam1a2200337 i 4500 | ||
|---|---|---|---|
| 001 | RU\NLR\BIBL_A\016329937 | ||
| 005 | 20240922103749.0 | ||
| 035 | _a(NLR Aleph) 016329937 | ||
| 090 |
_a13057408 _c13057408 |
||
| 100 | _a20230330d2022 c y0rusy50 ba | ||
| 101 | 0 | _aeng | |
| 102 | _aRU | ||
| 105 | _a||||j ||||| | ||
| 181 | 0 |
_ai _baxxe |
|
| 181 | 0 |
_ab3 _baxxe |
|
| 182 | 0 | _an | |
| 200 | 1 |
_aSmart English kids _estudents' book _e[для детей дошкольного и младшего школьного возраста] _fNatalia Zub _g[illustrations by Yuliya Soloveva] |
|
| 203 |
_aТекст _aИзображение _bвизуальные _cнепосредственные |
||
| 210 |
_aКазань _cиздатель Наталья Зуб _d2022 |
||
| 215 | _d30 | ||
| 541 | 1 | _aУмные английские детишки | |
| 606 | 1 |
_aАнглийский язык _jУчебные издания для дошкольного обучения _9972309 _3RU\NLR\AUTH\6646032 |
|
| 606 | 1 |
_aАнглийский язык _jУчебные издания для начальной школы _9972309 _3RU\NLR\AUTH\6646032 |
|
| 686 | 3 | _aШ143.21-93рус1 | |
| 686 | 3 | _aШ143.21-93рус21[1/4] | |
| 700 | 1 |
_7ba _8rus _aZub _bN. _gNatal'ja _9256708 _3RU\NLR\AUTH\770256764 |
|
| 702 | 1 |
_4440 _7ba _8rus _aSolov'eva _bJ. _cиллюстратор _gJulija _9256710 _3RU\NLR\AUTH\770256766 |
|
| 852 |
_aNLR _jИк 2023-8/101 |
||
| 942 | _cBOOK | ||